Personnalités au hasard #55 - Statistiques

Statistiques générales
  • Ce quiz a été pris 162 fois
  • Le résultat moyen est 8 sur 32
Statistiques - réponses
Par images Réponse % Correct
Florent Manaudou
90%
Roméo Elvis
73%
Pitbull
64%
Chris Marques
59%
Rilès
50%
6ix9ine
47%
Mac Miller
43%
Antoine de Maximy
33%
Gengis Khan
33%
Laylow
31%
Apolline de Malherbe
27%
Quavo
27%
Jean Imbert
26%
Ben Nevert
23%
Bad Bunny
20%
Philippe Noiret
18%
Big Sean
13%
Xavier de Moulins
13%
Burna Boy
12%
Ne-Yo
11%
Finn Wolfhard
10%
Frédéric Chopin
10%
Ian Wright
10%
Matthew Bellamy
9%
Ryan Lewis
5%
Marc Antoine
3%
Ray Dalton
3%
Jeanette
2%
Richard Malka
2%
Elsa Schiaparelli
1%
Marco Ferreri
1%
Mr Eazi
1%
Aucun quiz correspondant
Distribution des résultats
% des personnes avec chaque résultat
Percentile par nombre de réponses
Votre historique - résultats
Vous n’avez pas pris ce quiz